LEADER 01947nam a2200421 i 4500 001 991003023129707536 005 20020509110805.0 008 940209s1992 it 001 0 ita d 020 $a8838312842 035 $ab11097000-39ule_inst 035 $aPARLA173599$9ExL 040 $aDip.to Filol. Class. e Med.$bita 040 $aDip.to Matematica e Fisica$beng 082 0 $a510.1 084 $aAMS 01A05 100 1 $aBottazzini, Umberto$026182 245 10$aFonti per la storia della matematica :$baritmetica, geometria, algebra, analisi infinitesimale, calcolo delle probabilità, logica /$cUmberto Bottazzini, Paolo Freguglia, Laura Toti Rigatelli 260 $aFirenze :$bSansoni,$c1992 300 $aVI, 519 p. :$b[8] p. di tav., ill. ;$c23 cm 490 0 $aBiblioteca universale Sansoni ;$v46 500 $aEx Libris Mario Lombardo 650 4$aAlgebra 650 4$aCalcolo delle probabilità 650 4$aGeometria 650 4$aMatematica 650 4$aMatematica$xStoria$xFonti 650 0$aMathematics$xHistory 700 1 $aFreguglia, Paolo$eauthor$4http://id.loc.gov/vocabulary/relators/aut$045081 700 1 $aToti Rigatelli, Laura$eauthor$4http://id.loc.gov/vocabulary/relators/aut$059716 907 $a.b11097000$b23-02-17$c28-06-02 912 $a991003023129707536 945 $aLE007 510.1 BOT 11$g1$i2007000027028$lle007$o-$pE0.00$q-$rl$s- $t0$u0$v0$w0$x0$y.i11230332$z28-06-02 945 $aLE005 Ist.Fil. LI E 31$g1$iLE004-5711$lle005$o-$pE0.00$q-$rl$s- $t0$u0$v0$w0$x0$y.i11230344$z28-06-02 945 $aLE005 MF 36 F 10$g1$i2005000219412$lle005$o-$pE0.00$q-$rl$s- $t0$u0$v0$w0$x0$y.i11230356$z28-06-02 945 $aLE013 Fondo Lombardo 01A BOT11 (1992)$g1$i2013000220864$lle013$og$pE17.00$q-$rn$so $t1$u0$v0$w0$x0$y.i15536506$z02-10-13 996 $aFonti per la storia della matematica$9382474 997 $aUNISALENTO 998 $ale007$ale005$ale013$b01-01-94$cm$da $e-$fita$git $h0$i3 LEADER 01165nam0 22002891i 450 001 UON00220869 005 20231205103414.115 010 $a05-8255-074-2 100 $a20030730d1977 |0itac50 ba 101 $aeng 102 $aGB 105 $a|||| ||||| 200 1 $aAdvanced conversational English$fDavid Crystal, Derek Davy 210 $aLondon$cLongman$d1977$enew impr.). x$d132 p. ; 22 cm. 410 1$1001UON00067697$12001 $aApplied Linguistics and Language Study$fgeneral editor Christopher N. Candlin 606 $aLingua inglese$xConversazione$3UONC042167$2FI 620 $aGB$dLondon$3UONL003044 676 $a428.2$cUso inglese standard$v21 700 1$aCrystal$bDavid$3UONV062412$07988 701 1$aDAVY$bDerek$3UONV133841$0199319 712 $aLongman$3UONV246453$4650 801 $aIT$bSOL$c20250808$gRICA 899 $aSIBA - SISTEMA BIBLIOTECARIO DI ATENEO$2UONSI 912 $aUON00220869 950 $aSIBA - SISTEMA BIBLIOTECARIO DI ATENEO$dSI Angl VIII 0130 $eSI LO 9708 7 0130 996 $aAdvanced conversational English$91267538 997 $aUNIOR